Hubungan antara manusia dengan manusia dan alam sekelilingnya

Bibliographic Details
Main Author: Rahmat
Format: Book
Published: Singapura : Pustaka Nasional , 1991
Subjects:

MARC

LEADER 00000cam a2200000 7i4500
001 0000004863
002 000005244
005 20000330.0
020 |a 9971773031 
090 0 0 |a 297.4   |b RAH 
100 0 |a Rahmat   |f Dr.Haji O.K 
245 1 0 |a Hubungan antara manusia dengan manusia dan alam sekelilingnya   |c Dr.Haji O.K Rahmat 
260 |a Singapura :   |b Pustaka Nasional ,   |c 1991 
300 |a 296 p. ;   |c 22 cm. 
650 0 0 |a Alam   |x Influence on Nature 
650 0 0 |a Islam and secular disciplines 
650 0 0 |a Muamalah,Islam 
999 |a 034775   |b BUKU   |c PINJAMAN   |e PERPUSTAKAAN KOMUNITI PETALING JAYA 
999 |a 034776   |b BUKU   |c PINJAMAN   |e PERPUSTAKAAN KOMUNITI PETALING JAYA